000 00535cam a22002171 4500
001 sa 65001790
003 DLC
005 20260227112111.0
008 940426s1964 ii c 000 1 benr
010 _asa 65001790
025 _aPL480:EP-B-715
035 _a(OCoLC)30334260
040 _aDLC
_cCU
_dCU
_dTxU
_dDLC
042 _apremarc
050 0 0 _aAC118
_b.Q3
100 1 _aQuasem, Mohammad Abul,
_d1920-
245 1 0 _aĀdhunika cintādhārā.
260 _c1964.
300 _a112 p.
_bports.
_c23 cm.
500 _aIn Bengali.
999 _c62232
_d62232